Descubrir el Antiguo Testamento hoy
Guardat en:
| Autors principals: | , |
|---|---|
| Format: | Llibre |
| Idioma: | espanyol |
| Publicat: |
Pamplona
Verbo Divino
1996
|
| Matèries: | |
| Etiquetes: |
Afegir etiqueta
Sense etiquetes, Sigues el primer a etiquetar aquest registre!
|
MARC
| LEADER | 00000nam a2200000 a 4500 | ||
|---|---|---|---|
| 001 | UCN0852 | ||
| 003 | CL-VaPUC | ||
| 008 | 010406e19960000SP |||||||||||||||||spa|d | ||
| 082 | 0 | 4 | |a 221 |b HAR |2 21 |
| 100 | 0 | |a Hari, Albert |e author |9 456113 | |
| 700 | 0 | |a Singer, Charles |e author |9 456114 | |
| 245 | 1 | 0 | |a Descubrir el Antiguo Testamento hoy |
| 300 | |a 263 p | ||
| 942 | |c BK | ||
| 945 | |d 20010406 00:00:00 |a cmena | ||
| 260 | |a Pamplona |b Verbo Divino |c 1996 | ||
| 650 | 0 | |a Antiguo testamento |9 313678 | |
| 650 | 0 | |a Biblia |9 257603 | |
| 650 | 0 | |a Textos sagrados |9 257605 | |
| 583 | |a last modification |c 20130402 07:58:42 |k Rodrigo Vera | ||
| 999 | |c 294469 |d 294467 | ||
| 952 | |0 0 |1 0 |4 0 |6 221_000000000000000_HAR_1996 |7 0 |8 A |9 346927 |a BIBTEO |b BIBTEO |d 2019-11-20 |i 3679632 |o 221 HAR 1996 |p 3679632 |r 2025-01-17 |w 2019-11-20 |y BK |k ICR | ||